书目信息 |
| 题名: |
意会知识及其表达问题研究
|
|
| 作者: | 漆捷 著 | |
| 分册: | ||
| 出版信息: | 北京 光明日报出版社 2012 |
|
| 页数: | 222页 | |
| 开本: | 24cm | |
| 丛书名: | ||
| 单 册: | ||
| 中图分类: | B017 | |
| 科图分类: | ||
| 主题词: | 认识论--研究 , 认识论 | |
| 电子资源: | ||
| ISBN: | 978-7-5112-2324-1 | |
| 000 | 00638nam0 22002291 450 | |
| 001 | 523 | |
| 005 | 20140904155635.93 | |
| 010 | @a978-7-5112-2324-1@dCNY47.00 | |
| 100 | @a20130419d2012 em y0chiy50 ea | |
| 101 | 0 | @achi |
| 102 | @aCN@b110000 | |
| 105 | @ay z 000yy | |
| 106 | @ar | |
| 200 | 1 | @a意会知识及其表达问题研究@AYi Hui Zhi Shi Ji Qi Biao Da Wen Ti Yan Jiu@f漆捷著@FQi Jie Zhu |
| 210 | @a北京@c光明日报出版社@d2012 | |
| 215 | @a222页@d24cm | |
| 606 | 0 | @a认识论@x研究 |
| 606 | 0 | @a认识论 |
| 690 | @aB017@v5 | |
| 701 | 0 | @a漆捷@AQi Jie@f(1972~)@4著 |
| 801 | 0 | @aCN@bTANGWEI@c20140603 |
| 905 | @b0837129-31@dB017@e263@f3 | |
| 意会知识及其表达问题研究/漆捷著.-北京:光明日报出版社,2012 |
| 222页;24cm |
| ISBN 978-7-5112-2324-1:CNY47.00 |
| ● |
| 相关链接 |
|
|
|
|
正题名:意会知识及其表达问题研究
索取号:B017/263
 
预约/预借
| 序号 | 登录号 | 条形码 | 馆藏地/架位号 | 状态 | 备注 |
| 1 | 0837129 | 208371297 | 第一样本阅览室/ [索取号:B017/263] | 在馆 | |
| 2 | 0837130 | 208371304 | 第一借阅区/ [索取号:B017/263] | 在馆 | |
| 3 | 0837131 | 208371313 | 第一借阅区/ [索取号:B017/263] | 在馆 |